[Event "IECC CL5-2004.26 email"]
[Site "IECC email"]
[Date "2004.10.22"]
[Round "?"]
[White "Matthews, Michael"]
[Black "Badlands, Jake"]
[Result "1-0"]
[WhiteElo "1769"]
[BlackElo "1429"]
[PlyCount "35"]
[EventDate "2004.??.??"]
[EventType "tourn (corr)"]
[EventRounds "4"]
[SourceTitle "Corr 2008"]
[Source "ChessBase"]
[SourceDate "2008.06.24"]
[SourceVersion "1"]
[SourceVersionDate "2008.06.24"]
[SourceQuality "1"]

1. d4 d5 2. c4 c6 3. Nc3 e6 4. e3 Nf6 5. Nf3 a6 6. b3 dxc4 7. bxc4 c5 8. Bb2 cxd4 9. exd4 Bb4 10. Be2 Ne4 11. Qd3 Bxc3+ 12. Bxc3 Nxc3 13. Qxc3 Nd7 14. 0-0 0-0 15. c5 Nf6 16. Rab1 Nd5 17. Qc2 Rb8 18. Bxa6 1-0